Missing Word: 'L' Names Quiz Stats

 Plays Quiz Updated Mar 11, 2016

Challenge
Share
Tweet
Embed
Score 0/24 Timer 02:00
0 Plays Today
L Name Missing Name % Correct
_____ da VinciLeonardo
95.2%
___ Harvey OswaldLee
92.8%
Lois _____Lane
91.4%
John _____Lennon
90.7%
_____ NeesonLiam
90.4%
_____ StraussLevi
88%
_____ CroftLara
85.6%
_____ of ArabiaLawrence
85.3%
_____ B. JohnsonLyndon
84.6%
George _____Lucas
84%
_____ Ingalls WilderLaura
82%
Jerry Lee _____Lewis
81.2%
L Name Missing Name % Correct
_____, NebraskaLincoln
73.9%
_____ BacallLauren
73.3%
_____ NielsenLeslie
70.9%
_____ May AlcottLouisa
67.8%
Cagney & _____Lacey
67.4%
Hugh _____Laurie
63.5%
Annie _____Lennox
58.5%
_____ HorneLena
50.8%
_____'s RunLogan
49.1%
_____'s of LondonLloyd
46.7%
_____ RicardoLucy
45.1%
_____ OrganaLeia
40.4%

Today's Daily Dose

Missing Word
TV HA - HZ

Word Ladder
Nordic Capital

On This Day
January 19th II

You're not logged in!

Compare scores with friends on all Sporcle quizzes.
OR
Log In

You Might Also Like...

Show Comments

Extras

Top Quizzes Today


Score Distribution

Your Account Isn't Verified!

In order to create a playlist on Sporcle, you need to verify the email address you used during registration. Go to your Sporcle Settings to finish the process.

Report this User

Report this user for behavior that violates our Community Guidelines.

Details: